000 00300nam a2200121Ia 4500
005 20251222141845.0
008 251222s9999||||xx |||||||||||||| ||spa||
082 _a869.560.1/V31
100 _aVarela, Blanca
245 0 _aCamino a Babel:
264 _bMunicipalidad de Lima Metropolitana
942 _cLIB
999 _c7534
_d7534